00325nam a2200133Ia 4500003000400000008004100004082001500045100001400060245004800074250000800122260003700130300000800167650001600175OSt191201s1961 xx 000 0 und d a621.3bNRM aNRI Staff 0aMathematics for Electronics and Electricity a1st aNew DelhibHayden Book Co.c1961 a250 aB.Tech(ECE)